00321nam a2200121Ia 4500008004100000041000800041082001700049100001800066245003900084260003300123300003200156365001100188240624s9999 xx 000 0 und d aeng a658.1599 SAT aSATHYE MILIND aINTERNATIONAL FINANCIAL MANAGEMENT c2012aNew DelhibWIley India axxiv, : 495 : p. : cm. ; 23 cRSb31